[Event "TG Biberach 1 - SV Jedesheim 1"]
[Site "Oberliga Württemberg 2017/2018"]
[Date "2017.10.08"]
[Round "2"]
[White "Trussevich, Sergey"]
[Black "Birkenmaier, Rainer"]
[Result "1/2-1/2"]
[WhiteElo "2244"]
[BlackElo "2094"]
[Annotator ""]
[Source ""]
[Remark ""]

1.Nf3 d5 2.d3 Nf6 3.Nbd2 c5 4.e4 dxe4 5.dxe4 Nc6 6.c3 Qc7 7.Qc2
e5 8.a4 Be7 9.Be2 O-O 10.O-O b6 11.Re1 Bg4 12.Nc4 Bxf3 13.Bxf3
Rad8 14.Ne3 Na5 15.Nf5 c4 16.Bg5 Nb3 17.Rad1 Rxd1 18.Rxd1 Rd8
19.Be2 Na5 20.h3 Kf8 21.Ne3 Rxd1+ 22.Qxd1 Qc6 23.Nd5 Nxd5 24.exd5
Qc7 25.Be3 Nb7 26.b3 cxb3 27.Qxb3 Bc5 28.Bd2 Nd6 29.Qc2 f5 30.c4
a5 {(=)} 31.Kf1 Bd4 32.g4 Qf7 33.Be1 g6 34.Kg2 fxg4 35.Bxg4 Qf4
36.Qe2 Qe4+ 37.Qxe4 Nxe4 38.f3 Nd6 39.f4 Nxc4 40.Be2 Ne3+ 41.Kf3
exf4 42.Kxf4 Bc5 43.Ke5 Nf5 44.Bd2 Kf7 45.Bg4 Bd6+ 46.Ke4 Ng3+
{(=)} 47.Kd4 Kf6 48.Kc4 Nf1 49.Bc1 Bc5 50.Bb2+ Ke7 51.Be6 Ne3+
52.Kd3 Nf5 53.Be5 Nd6 54.Bg4 Bf2 55.Bf4 Nb7 56.Kc4 Nd6+ 57.Kd3
Nb7 58.Bd1 Nd6 59.Bg5+ Kf7 60.Bg4 Bc5 61.Be6+ Kg7 62.Bd8 Nb7
63.Bg5 Nd6 64.Bd2 Bb4 65.Be3 Bc5 66.Bg5 h6 67.Bf4 g5 68.Be5+
Kg6 69.Bg4 h5 70.Bd7 Kf7 71.Bc3 Bb4 72.Be5 Bc5 73.Be6+ Kg6 1/2-1/2

[Event "TG Biberach 1 - SV Jedesheim 1"]
[Site "Oberliga Württemberg 2017/2018"]
[Date "2017.10.08"]
[Round "2"]
[White "Namyslo, Holger"]
[Black "Wild, Rudolf"]
[Result "1-0"]
[WhiteElo "2201"]
[BlackElo "2175"]
[Annotator ""]
[Source ""]
[Remark ""]

1.e4 c5 2.Nf3 Nc6 3.d4 cxd4 4.Nxd4 Nf6 5.Nc3 e5 6.Ndb5 d6 7.Bg5
a6 8.Na3 b5 9.Bxf6 gxf6 10.Nd5 Bg7 11.c3 f5 12.exf5 Bxf5 13.Nc2
O-O 14.Nce3 Be6 15.Bd3 f5 16.Bc2 Kh8 17.Qh5 Bxd5 18.Nxd5 e4 19.O-O
Ne7 20.Rad1 Nxd5 21.Rxd5 Qf6 22.g4 fxg4 23.Bxe4 Bh6 24.Rf5 Qg7
25.Bxa8 1-0

[Event "Heilbronner SV 1 - SV Stuttgart-Wolfbusch 1"]
[Site "Oberliga Württemberg 2017/2018"]
[Date "2017.10.08"]
[Round "2"]
[White "Häcker, Alexander"]
[Black "Schulze, Ulrich"]
[Result "1/2-1/2"]
[WhiteElo "2222"]
[BlackElo "2272"]
[Annotator ""]
[Source ""]
[Remark ""]

1.e4 c6 2.d4 d5 3.Nc3 dxe4 4.Nxe4 Bf5 5.Ng3 Bg6 6.h4 h6 7.Nf3
Nd7 8.h5 Bh7 9.Bd3 Bxd3 10.Qxd3 e6 11.Bd2 Ngf6 12.O-O-O Be7 13.Ne4
Nxe4 14.Qxe4 Nf6 15.Qe2 Qd5 16.c4 Qe4 17.Qxe4 Nxe4 18.Be3 O-O
19.Ne5 Rad8 20.g4 c5 21.f3 cxd4 22.Bxd4 Ng3 23.Rhe1 Bb4 24.Re3
Nf1 25.Rxf1 Rxd4 26.Rd3 Rfd8 {(=)} 27.Rfd1 Bc5 28.Kc2 f6 29.Rxd4
Rxd4 30.Rxd4 Bxd4 31.Ng6 Kf7 32.b4 f5 33.Kd3 Bf2 34.gxf5 exf5
35.c5 Ke6 36.Kc4 Bg3 37.f4 a6 38.a4 Bf2 39.Nf8+ Ke7 40.Ng6+ Ke6
41.b5 axb5+ 42.axb5 b6 43.Nf8+ Ke7 44.c6 Kd6 45.c7 Kxc7 46.Kd5
Kd8 47.Ke6 Bd4 48.Ng6 Bf6 49.Nh8 Bb2 50.Nf7+ Ke8 51.Nd6+ Kf8
52.Nxf5 Bc1 53.Ne7 Ba3 54.Ng6+ Ke8 55.Ne5 Bc5 56.Nc4 Bf2 57.Nd6+
Kf8 58.f5 Bg1 59.f6 gxf6 60.Nf5 Kg8 61.Nxh6+ Kh7 62.Nf5 Bc5 63.Kxf6
Bb4 64.Ke6 Bc5 65.Kd5 Bf2 66.Kc6 Bc5 67.Kc7 Bg1 68.Kb7 Bf2 69.Kc6
Bg1 70.Nd6 Kh6 71.Nc4 Kxh5 72.Nxb6 Kg6 73.Nd7 Kf7 74.Nc5 Ke7
75.b6 Bh2 76.b7 Bg3 77.Ne4 Bh2 78.Nc3 Bg3 79.Nb5 Bb8 80.Nc7 Kd8
81.Na6 Bh2 82.Nc5 Bb8 83.Ne6+ Ke7 84.Nc7 Kd8 85.Ne6+ 1/2-1/2

[Event "Heilbronner SV 1 - SV Stuttgart-Wolfbusch 1"]
[Site "Oberliga Württemberg 2017/2018"]
[Date "2017.10.08"]
[Round "2"]
[White "Ludwig, Sebastian"]
[Black "Schmidt, Tobias"]
[Result "0-1"]
[WhiteElo "2069"]
[BlackElo "2223"]
[Annotator ""]
[Source ""]
[Remark ""]

1.d4 d5 2.Bf4 Nf6 3.e3 e6 4.Nd2 c5 5.c3 Nc6 6.Bd3 Bd6 7.Bxd6
Qxd6 8.f4 b6 9.a3 Bb7 10.Ngf3 O-O 11.O-O Ne7 12.Qe2 Rac8 13.Ng5
Ng6 14.Rf3 cxd4 15.cxd4 Rfe8 16.Rh3 h6 17.Bxg6 fxg6 18.Ngf3 Rc7
19.Ne5 Rec8 20.Rd1 Rc2 21.Rg3 Rxb2 22.Rxg6 Rcc2 23.Rxf6 gxf6
24.Qh5 Qe7 25.Qg4+ Qg7 26.Qxe6+ Kh8 27.Nef3 Rc7 28.Nh4 Qf7 29.Qg4
Bc8 30.f5 Rcc2 31.Ndf3 Kh7 32.Ne1 Rd2 33.Rc1 Ba6 34.Rc7 Qxc7
35.Qg6+ Kh8 36.Qxh6+ Kg8 37.Qg6+ Kf8 38.Qxf6+ Ke8 39.Qg6+ Qf7
40.Qc6+ Qd7 41.Qg6+ Kd8 42.f6 Rf2 43.Qg8+ Kc7 44.Qg3+ Kb7 45.f7
Rf1# 0-1

[Event "Heilbronner SV 1 - SV Stuttgart-Wolfbusch 1"]
[Site "Oberliga Württemberg 2017/2018"]
[Date "2017.10.08"]
[Round "2"]
[White "Pogan, Nikolas"]
[Black "Smolka, Alexander"]
[Result "1/2-1/2"]
[WhiteElo "2241"]
[BlackElo "2097"]
[Annotator ""]
[Source ""]
[Remark ""]

1.d4 e6 2.Nf3 f5 3.g3 Nf6 4.Bg2 Be7 5.O-O O-O 6.Nbd2 d6 7.b3
Ne4 8.Nxe4 fxe4 9.Ne1 d5 10.f3 c5 11.c3 cxd4 12.cxd4 exf3 13.exf3
Nc6 14.Bb2 Qb6 15.f4 Bf6 16.Nf3 Bd7 17.Kh1 a5 18.Ne5 Nxe5 19.dxe5
Be7 20.Bd4 Qa6 21.Qg4 Qd3 22.Rfd1 Qf5 23.Qxf5 Rxf5 24.Rac1 Bd8
25.Be3 Rf8 26.Bc5 Re8 27.f5 Rc8 28.Bd6 Bg5 29.Rxc8 Rxc8 30.fxe6
Bxe6 31.Bxd5 Bxd5+ 32.Rxd5 b6 33.h4 Bh6 34.e6 g6 35.Be5 Bf8 36.Bf6
Re8 37.Re5 Bg7 38.Bxg7 Kxg7 39.e7 Kf7 40.Rb5 Rxe7 41.Rxb6 Re1+
42.Kg2 Re2+ 43.Kf3 Rxa2 44.Rb7+ Kf6 45.Rxh7 Ra3 46.Kf4 Rxb3 47.Ra7
Rb4+ 48.Kf3 a4 49.Ra6+ Kf7 50.Ra7+ Kf6 51.Ra6+ Kf7 52.Ra7+ Kf6
53.Ra6+ 1/2-1/2

[Event "Heilbronner SV 1 - SV Stuttgart-Wolfbusch 1"]
[Site "Oberliga Württemberg 2017/2018"]
[Date "2017.10.08"]
[Round "2"]
[White "Montigel, Philipp"]
[Black "Pogorelow, Jewgeni"]
[Result "0-1"]
[WhiteElo "2008"]
[BlackElo "2160"]
[Annotator ""]
[Source ""]
[Remark ""]

1.b3 e5 2.Bb2 Nc6 3.e3 Nf6 4.g3 d5 5.Bg2 Bg4 6.Ne2 Qd7 7.h3 Bf5
8.d3 O-O-O 9.Nd2 Bc5 10.a3 Rhe8 11.b4 Bb6 12.c4 Bxe3 13.fxe3
Bxd3 14.c5 Qf5 15.g4 Qg5 16.Qb3 Qxe3 17.O-O-O d4 18.Ng1 e4 19.Bf1
Ne5 20.Bxd3 Nxd3+ 21.Kc2 Nf2 22.Rh2 Nxd1 0-1

[Event "Heilbronner SV 1 - SV Stuttgart-Wolfbusch 1"]
[Site "Oberliga Württemberg 2017/2018"]
[Date "2017.10.08"]
[Round "2"]
[White "Degenhard, Simon"]
[Black "Severin, Andreas"]
[Result "1/2-1/2"]
[WhiteElo "2172"]
[BlackElo "2007"]
[Annotator ""]
[Source ""]
[Remark ""]

1.d4 g6 2.e4 Bg7 3.Nc3 d6 4.Be3 a6 5.f4 b5 6.Nf3 Nd7 7.Bd3 Bb7
8.e5 e6 9.O-O Ne7 10.Ne4 Bxe4 11.Bxe4 d5 12.Bd3 Nf5 13.Bf2 h5
14.Qe2 Bh6 15.Bxf5 gxf5 16.Bh4 Qc8 17.Bg5 Bxg5 18.Nxg5 Nf8 19.Rf3
Ng6 20.Qf2 Qd7 21.Rh3 Qe7 22.Rf1 c5 23.dxc5 Nxe5 24.fxe5 Qxg5
25.c6 Qe7 {(=)} 26.Rc3 Qa7 27.Qxa7 Rxa7 28.Rf4 Ke7 29.Rh4 Rc7
30.a4 Rhc8 31.axb5 axb5 32.Rxh5 Rxc6 33.Rhh3 b4 34.Rb3 Rc4 35.c3
bxc3 36.bxc3 R8c7 37.Kf2 d4 38.cxd4 Rxd4 39.Rhc3 Rcd7 40.Re3
Rg4 41.Red3 Rc7 42.Rdc3 Rd7 43.Rd3 Rc7 44.Rdc3 1/2-1/2

[Event "Heilbronner SV 1 - SV Stuttgart-Wolfbusch 1"]
[Site "Oberliga Württemberg 2017/2018"]
[Date "2017.10.08"]
[Round "2"]
[White "Häcker, Johannes"]
[Black "Stürmer, Robin"]
[Result "1-0"]
[WhiteElo "2040"]
[BlackElo "2207"]
[Annotator ""]
[Source ""]
[Remark ""]

1.d4 d5 2.Nf3 c6 3.Bf4 Bg4 4.Nbd2 Nd7 5.e3 Ngf6 6.Bd3 Nh5 7.Bg3
g6 8.c3 Bg7 9.Qc2 Nxg3 10.hxg3 Qa5 11.O-O O-O 12.Rfe1 Bxf3 13.Nxf3
e5 14.dxe5 Nxe5 15.Nxe5 Bxe5 16.a3 Qb6 17.Rad1 Kg7 18.Be2 Rfe8
19.Bf3 Rad8 20.Rd2 f5 21.Red1 Bf6 22.g4 fxg4 23.Bxg4 Qc5 24.Qd3
Re4 25.Bf3 Rc4 26.Qe2 Re8 27.Qd3 b5 28.Qf1 Qf8 29.Rd3 a5 30.Rc1
a4 31.Rcd1 Re7 32.R3d2 Rf7 33.Qd3 Bg5 34.Qe2 Rh4 35.Rd4 Rh6 36.Rg4
Bf6 37.e4 Re7 38.Qd2 Be5 39.Qd3 Qf6 40.exd5 Rd7 {zugleich Zeitüberschreitung}
 1-0

[Event "Heilbronner SV 1 - SV Stuttgart-Wolfbusch 1"]
[Site "Oberliga Württemberg 2017/2018"]
[Date "2017.10.08"]
[Round "2"]
[White "Mages, Steffen"]
[Black "Kuhn, Magnus"]
[Result "1/2-1/2"]
[WhiteElo "2101"]
[BlackElo "1877"]
[Annotator ""]
[Source ""]
[Remark ""]

1.d4 d5 2.c4 c6 3.Nf3 Nf6 4.Nc3 dxc4 5.a4 Bf5 6.e3 e6 7.Bxc4
Bb4 8.O-O O-O 9.Qe2 Bg6 10.Rd1 Nbd7 11.Na2 Bd6 12.Nc3 Bb4 13.Bd2
Qe7 14.Bd3 e5 15.Bxg6 hxg6 16.Qc4 exd4 17.Nxd4 Ne5 18.Qb3 a5
19.Nce2 Nd5 20.Bxb4 Nxb4 21.Nc2 Nxc2 22.Qxc2 Rfd8 23.Qe4 Rxd1+
24.Rxd1 Rd8 25.Rxd8+ Qxd8 26.Nd4 Nc4 27.b3 Nd6 28.Qc2 Qb6 29.h3
{(=)} Qb4 30.Kh2 c5 31.Nf3 c4 32.bxc4 Nxc4 33.g3 f6 34.Kg2 g5
35.Qe4 Qxa4 36.Qxb7 Qb4 37.Qd5+ Kh7 38.Qf5+ Kg8 39.Qd5+ Kh7 40.Qf5+
Kg8 41.Qd5+ 1/2-1/2

[Event "Stuttgarter SF 1 - SG Schwäbisch Gmünd 1"]
[Site "Oberliga Württemberg 2017/2018"]
[Date "2017.10.08"]
[Round "2"]
[White "Velicka, Petr"]
[Black "Kvetny, Mark"]
[Result "0-1"]
[WhiteElo "2403"]
[BlackElo "2385"]
[Annotator ""]
[Source ""]
[Remark ""]

1.c4 e6 2.d4 d5 3.Nc3 a6 4.cxd5 exd5 5.Nf3 Nf6 6.Bg5 Be6 7.e3
Nbd7 8.Be2 Bd6 9.Bh4 c6 10.Bg3 Bxg3 11.hxg3 h6 12.Bd3 Qe7 13.O-O
O-O 14.Qc2 Nb6 15.b3 Nc8 16.Ne5 Ng4 17.Nxg4 Bxg4 18.Na4 Nd6 19.Nc5
Rae8 20.b4 h5 21.Rfe1 Ne4 22.f3 Nxc5 23.bxc5 Be6 24.Kf2 Qg5 25.Rh1
g6 26.Rae1 Kg7 27.a4 Bc8 28.Qd2 Rh8 29.Rh4 f5 30.f4 Qf6 {(=)}
31.Be2 Re6 32.Bf3 Rhe8 33.Rb1 Qe7 34.Rb3 Rh8 35.Qc1 Re8 36.Qd2
Qd8 37.Rh1 R8e7 38.a5 Qe8 39.Ra3 Rc7 40.Qe2 Ree7 41.Qd1 Kg8 42.Qd2
Rh7 43.Raa1 Be6 44.Rab1 Bc8 45.Rb3 Be6 46.Ke2 Rce7 47.Qb4 Qd8
48.Kd2 Bc8 49.Rd3 Be6 50.Qb6 Rc7 51.Rb3 Bc8 52.Rbb1 Rcd7 53.Rbe1
Qe8 54.Be2 Rde7 55.Bd3 Re6 56.Re2 Rhe7 57.Rhe1 Kg7 58.Qb1 Qd8
59.Qb6 Qe8 60.Kc3 Kg8 61.Kc2 Kg7 62.Kd2 Kg8 63.Qb1 Qd8 64.Qa1
Qe8 65.Qc1 Qd8 66.Qc3 Qe8 67.Bc2 Rf7 68.Kc1 Ree7 69.Kb2 Be6 70.Ka3
Qd8 71.Kb4 Qe8 72.Rh1 Rh7 73.Qe1 Bc8 74.Qf2 Qf8 75.Ree1 Qf6 76.Kc3
Be6 77.Qg1 Bc8 78.Qh2 Be6 79.Qh4 Qxh4 80.gxh4 Kf7 81.Rh3 Kf6
82.Rg3 Rh8 83.Kd2 Bf7 84.Rb1 Rc8 85.Rb3 Rcc7 86.Rg5 Be6 87.Ke2
Bc8 88.Kf2 Rh7 89.Rb1 Rcg7 90.Bd3 Re7 91.Rb6 Rc7 92.Bc2 Be6 93.Bb3
Rhe7 94.Ba2 Bf7 95.Ke2 Re6 96.Kd2 Rce7 97.Rg3 Rc7 98.Bb1 Ree7
99.Bc2 Red7 100.Rf3 Re7 101.Rf1 Be6 102.Bb3 Kg7 103.Rb1 Bc8 104.Bd1
Rf7 105.Bf3 Rfe7 106.Rh1 Be6 107.Rh3 Bf7 108.Rg3 Kf6 109.Rg5
Re6 110.Bd1 Ree7 111.Rg3 Re8 112.Be2 Rce7 113.Rf3 Rc7 114.Bd3
Ree7 115.Rh3 Re8 116.Rh1 Ree7 117.Bxa6 bxa6 118.Rxa6 Be8 119.Rb6
Ra7 120.a6 Ra8 121.Ra1 Rea7 122.Kc3 Ke7 123.Kb4 Bd7 124.Ra3 Kd8
125.e4 fxe4 126.Rg3 Rxa6 127.Rxg6 Ra3 128.Rbxc6 Bxc6 129.Rxc6
R3a4+ 130.Kb5 R8a5+ {Ohne Gewähr in der Phase um Zug 110 (Schluß stimmt aber!), beide Formulare kaum lesbar und teils fehlerhaft}
 0-1

[Event "Stuttgarter SF 1 - SG Schwäbisch Gmünd 1"]
[Site "Oberliga Württemberg 2017/2018"]
[Date "2017.10.08"]
[Round "2"]
[White "Benkovic, Petar"]
[Black "Jurek, Josef"]
[Result "1/2-1/2"]
[WhiteElo "2339"]
[BlackElo "2265"]
[Annotator ""]
[Source ""]
[Remark ""]

1.Nf3 Nf6 2.c4 b6 3.g3 c5 4.Bg2 Bb7 5.O-O g6 6.b3 Bg7 7.Bb2 O-O
8.Nc3 Na6 9.d4 d5 10.e3 e6 11.Ne5 Qe7 12.cxd5 exd5 13.Nf3 Rfd8
14.dxc5 Nxc5 15.Nd4 Nfe4 16.Rb1 Rac8 17.Bh3 Ra8 18.b4 Ng5 19.Bg2
Nce4 20.b5 Rac8 1/2-1/2

[Event "Stuttgarter SF 1 - SG Schwäbisch Gmünd 1"]
[Site "Oberliga Württemberg 2017/2018"]
[Date "2017.10.08"]
[Round "2"]
[White "Havlikova, Kristyna"]
[Black "Neyman, Igor"]
[Result "1/2-1/2"]
[WhiteElo "2278"]
[BlackElo "2276"]
[Annotator ""]
[Source ""]
[Remark ""]

1.e4 d6 2.d4 Nf6 3.Nc3 e5 4.Nf3 Nbd7 5.Bc4 Be7 6.O-O O-O 7.Re1
c6 8.a4 a5 9.Ba2 exd4 10.Qxd4 Nc5 11.h3 Be6 12.Bxe6 Nxe6 13.Qc4
Qb6 14.Qa2 Nd7 15.Be3 Qc7 16.Rad1 Rfe8 17.Nd4 Nxd4 18.Bxd4 Bf6
19.Qc4 Rac8 20.Bxf6 Nxf6 21.Qd4 Re6 22.f4 Rce8 23.f5 1/2-1/2

[Event "Stuttgarter SF 1 - SG Schwäbisch Gmünd 1"]
[Site "Oberliga Württemberg 2017/2018"]
[Date "2017.10.08"]
[Round "2"]
[White "Tuncer, Ufuk"]
[Black "Weiß, Andreas"]
[Result "1/2-1/2"]
[WhiteElo "2285"]
[BlackElo "2165"]
[Annotator ""]
[Source ""]
[Remark ""]

1.e4 c5 2.Nc3 e6 3.Nf3 a6 4.g3 b5 5.Bg2 Bb7 6.d3 d6 7.O-O Nc6
8.a4 b4 9.Nb1 Nf6 10.Nbd2 Be7 11.Re1 O-O 12.Nc4 Nd7 13.Bf4 Nb6
14.Nxb6 Qxb6 15.e5 d5 16.h4 Nd4 17.b3 Nxf3+ 18.Qxf3 f5 19.Rad1
Rac8 20.Bg5 Qd8 21.Bxe7 Qxe7 22.Qf4 d4 1/2-1/2

[Event "Stuttgarter SF 1 - SG Schwäbisch Gmünd 1"]
[Site "Oberliga Württemberg 2017/2018"]
[Date "2017.10.08"]
[Round "2"]
[White "Denisow, Jewgeny"]
[Black "Strunski, Andreas"]
[Result "1/2-1/2"]
[WhiteElo "2136"]
[BlackElo "2229"]
[Annotator ""]
[Source ""]
[Remark ""]

1.e4 c5 2.d4 cxd4 3.c3 dxc3 4.Nxc3 d6 5.Bc4 Nc6 6.Nf3 a6 7.O-O
Nf6 8.e5 dxe5 9.Qxd8+ Nxd8 10.Nxe5 Be6 11.Be3 Rc8 12.Bxe6 Nxe6
13.Rac1 g6 14.Nb5 Ra8 15.Nc7+ Nxc7 16.Rxc7 Bg7 17.Rxb7 Nd5 18.Nc6
O-O 19.Nxe7+ Nxe7 20.Rxe7 Bxb2 1/2-1/2

[Event "Stuttgarter SF 1 - SG Schwäbisch Gmünd 1"]
[Site "Oberliga Württemberg 2017/2018"]
[Date "2017.10.08"]
[Round "2"]
[White "Fritsch, Rolf"]
[Black "Hönick, Andreas"]
[Result "1/2-1/2"]
[WhiteElo "2152"]
[BlackElo "2058"]
[Annotator ""]
[Source ""]
[Remark ""]

1.d4 d5 2.Bf4 Nf6 3.e3 e6 4.Nd2 c5 5.c3 Nc6 6.Bg3 Be7 7.Bd3 O-O
8.Qb1 g6 9.h3 Nh5 10.Bh2 cxd4 11.exd4 Bd6 12.Bxd6 Qxd6 13.Ne2
e5 14.dxe5 Nxe5 15.O-O Bd7 16.Re1 Rfe8 17.Nd4 Nf4 18.Bf1 Qf6
19.Qc2 Re7 20.Re3 Rae8 21.Rae1 Qg5 22.Rxe5 Nxh3+ 23.Kh1 Nxf2+
24.Kg1 Nh3+ 25.Kh1 Nf2+ 26.Kg1 1/2-1/2

[Event "Stuttgarter SF 1 - SG Schwäbisch Gmünd 1"]
[Site "Oberliga Württemberg 2017/2018"]
[Date "2017.10.08"]
[Round "2"]
[White "Reindl, Arno"]
[Black "Maj, Kornel"]
[Result "1/2-1/2"]
[WhiteElo "2030"]
[BlackElo "2117"]
[Annotator ""]
[Source ""]
[Remark ""]

1.e4 e5 2.Nf3 Nc6 3.d4 exd4 4.Nxd4 Nf6 5.Nxc6 bxc6 6.e5 Qe7 7.Qe2
Nd5 8.c4 Ba6 9.b3 g5 10.Ba3 d6 11.Qe4 Bg7 12.Bb2 Nb4 13.a3 f5
14.Qe2 Nd5 15.Qh5+ Kf8 16.cxd5 Bxe5 17.Bxe5 Qxe5+ 18.Kd2 Qb2+
19.Kd1 Bxf1 20.Qh6+ Ke8 21.Rxf1 cxd5 22.Re1+ Kd7 23.Qe6+ Kc6
24.Nc3 Qxb3+ 25.Kd2 Rae8 {(=)} 26.Rab1 Rxe6 27.Rxb3 Rxe1 28.Kxe1
a6 29.Ne2 Re8 30.Kd2 Re4 31.Kd3 f4 32.Rc3+ Kd7 33.Kd2 h5 34.h4
g4 35.Rb3 c5 36.f3 Ra4 37.fxg4 hxg4 38.Rd3 f3 39.Nc3 fxg2 40.Rg3
Rxa3 41.Rxg2 d4 42.Ne2 Ra2+ 43.Kd3 a5 44.h5 Ra3+ 45.Kd2 Rh3 46.Nf4
Rh4 47.Kd3 Kc6 48.Ke4 d5+ 1/2-1/2

[Event "Stuttgarter SF 1 - SG Schwäbisch Gmünd 1"]
[Site "Oberliga Württemberg 2017/2018"]
[Date "2017.10.08"]
[Round "2"]
[White "Gabriel, Robert"]
[Black "Kasüschke, Lars"]
[Result "1-0"]
[WhiteElo "2133"]
[BlackElo "1984"]
[Annotator ""]
[Source ""]
[Remark ""]

1.Nf3 c5 2.c4 Nc6 3.Nc3 g6 4.e3 e6 5.d4 cxd4 6.exd4 d5 7.Bg5
Qa5 8.cxd5 exd5 9.Qb3 h6 10.Bd2 Nf6 11.Ne4 Qd8 12.Nxf6+ Qxf6
13.Qxd5 Be6 14.Qe4 Rd8 15.Bb5 Rd5 16.Bxc6+ bxc6 17.O-O Be7 18.Rfe1
g5 19.Rac1 c5 20.dxc5 g4 21.Bc3 1-0

[Event "SK Bebenhausen 1 - SK Schmiden/Cannstatt 1"]
[Site "Oberliga Württemberg 2017/2018"]
[Date "2017.10.08"]
[Round "2"]
[White "Holzhäuer, Mathias"]
[Black "Braun, Georg"]
[Result "1/2-1/2"]
[WhiteElo "2222"]
[BlackElo "2297"]
[Annotator ""]
[Source ""]
[Remark ""]

1.e4 c5 2.Nc3 Nc6 3.Bb5 Nd4 4.Bc4 e6 5.Nge2 Nf6 6.O-O a6 7.d3
b5 8.Bb3 Nxb3 9.axb3 Bb7 10.f4 d5 11.e5 Ng4 12.d4 h5 13.Qd3 Qb6
14.Nd1 g6 15.Be3 c4 16.Qd2 a5 17.h3 Nxe3 18.Nxe3 h4 19.Ra2 Bb4
20.Qd1 Be7 21.Kh1 {(=)} Kf8 22.Ng1 Kg7 23.Nf3 cxb3 24.cxb3 a4
25.Ng4 axb3 26.Qxb3 Rxa2 27.Qxa2 b4 28.Ra1 Ra8 29.Qb1 Rxa1 30.Qxa1
Ba6 31.Nf6 Qb5 32.Kh2 Qf1 33.Qa5 Bxf6 34.exf6+ Kxf6 35.Qd8+ Kg7
36.Qxh4 f6 37.Qe1 Qxe1 38.Nxe1 Kf7 39.Kg3 Ke7 40.Kf2 Kd6 41.Ke3
Bf1 42.Kf2 Bc4 43.Ke3 Bf1 44.Kf2 1/2-1/2

[Event "SK Bebenhausen 1 - SK Schmiden/Cannstatt 1"]
[Site "Oberliga Württemberg 2017/2018"]
[Date "2017.10.08"]
[Round "2"]
[White "Bräuning, Rudolf Wilhelm"]
[Black "Kabisch, Thilo"]
[Result "1/2-1/2"]
[WhiteElo "2290"]
[BlackElo "2264"]
[Annotator ""]
[Source ""]
[Remark ""]

1.e4 c5 2.Nf3 Nc6 3.c3 e6 4.d4 d5 5.exd5 exd5 6.Bb5 Bd6 7.dxc5
Bxc5 8.O-O Nge7 9.Nbd2 O-O 10.Nb3 Bb6 11.Re1 Bg4 12.h3 Bh5 13.Be2
Qd6 14.Nfd4 Bg6 15.g3 Rfe8 16.Bf4 Qf6 17.Bf3 Rad8 18.Kg2 h6 19.Qd2
Bh7 20.Re2 g5 21.Nxc6 Nxc6 22.Rxe8+ Rxe8 23.Be3 Ne5 24.Bxd5 Rd8
25.Bxb6 Be4+ 26.Bxe4 Rxd2 27.Nxd2 Qxb6 28.Nb3 a5 29.Rd1 a4 30.Nd4
Qxb2 31.Nf5 Nc6 32.Nxh6+ Kf8 33.Rd7 Ne5 34.Rxb7 Qxa2 35.Nf5 f6
36.Rb8+ Kf7 37.Rd8 Qe2 38.Bd5+ Kg6 39.Ne7+ Kh7 40.Nf5 Nd3 41.Rd7+
Kh8 42.Rd8+ Kh7 43.Rd7+ Kh8 44.Rd8+ Kh7 45.Rd7+ Kh8 46.Rd8+ 1/2-1/2

[Event "SK Bebenhausen 1 - SK Schmiden/Cannstatt 1"]
[Site "Oberliga Württemberg 2017/2018"]
[Date "2017.10.08"]
[Round "2"]
[White "Trachtmann, Mark"]
[Black "Carstens, Andreas"]
[Result "1-0"]
[WhiteElo "2282"]
[BlackElo "2231"]
[Annotator ""]
[Source ""]
[Remark ""]

1.d4 Nf6 2.c4 g6 3.Nc3 Bg7 4.e4 d6 5.Be2 O-O 6.Be3 e5 7.d5 Na6
8.g4 Nc5 9.Bf3 a5 10.h4 Bd7 11.g5 Ne8 12.h5 f5 13.gxf6 Nxf6 14.hxg6
hxg6 15.Qe2 a4 16.Nh3 Nh7 17.O-O-O a3 18.b3 Qc8 19.Ng5 Nxg5 20.Bxg5
Rxf3 21.Qxf3 Bg4 22.Qg3 Bxd1 23.Rxd1 Qf8 24.Be3 Qf7 25.Rg1 Kh7
26.Kc2 Nd7 27.Nb5 Nf6 28.Nxc7 Qxc7 29.Qxg6+ Kh8 30.Bh6 Bxh6 31.Qxf6+
Bg7 32.Qe6 1-0

[Event "SK Bebenhausen 1 - SK Schmiden/Cannstatt 1"]
[Site "Oberliga Württemberg 2017/2018"]
[Date "2017.10.08"]
[Round "2"]
[White "Latzke, Boris"]
[Black "Niklasch, Oliver"]
[Result "1-0"]
[WhiteElo "2193"]
[BlackElo "2238"]
[Annotator ""]
[Source ""]
[Remark ""]

1.d4 e6 2.c4 d5 3.Nc3 Nf6 4.cxd5 exd5 5.Bg5 Be7 6.e3 c6 7.Bd3
Nbd7 8.Nge2 O-O 9.Qc2 Re8 10.h3 Nf8 11.O-O-O b5 12.Kb1 a5 13.g4
a4 14.Ng3 Qa5 15.Nce2 b4 16.Bxf6 Bxf6 17.Qxc6 Bd7 18.Qc5 Qxc5
19.dxc5 Rec8 20.Bf5 Rxc5 21.Bxd7 Nxd7 22.Nh5 Bh4 23.Nhf4 Nb6
24.Nd3 Rc4 25.Nd4 Bf6 26.Nf3 b3 27.g5 Be7 28.a3 Rac8 29.h4 g6
30.Rd2 Rc2 31.Rc1 Rxc1+ 32.Nxc1 f6 33.Ne2 fxg5 34.hxg5 Rf8 35.Ned4
Nc4 36.Re2 Bc5 37.Kc1 Re8 38.Kd1 Re4 39.Nb5 Ne5 40.Nxe5 Rxe5
41.Nc3 Rxg5 42.Rd2 h5 43.Rxd5 Rxd5+ 44.Nxd5 h4 45.Ke2 h3 46.Kf1
g5 47.Nc3 Bd6 48.Nxa4 Be5 49.Nc5 Bxb2 50.a4 Kf7 51.Nxb3 Ke6 52.Nd4+
Kd5 53.a5 1-0

[Event "SK Bebenhausen 1 - SK Schmiden/Cannstatt 1"]
[Site "Oberliga Württemberg 2017/2018"]
[Date "2017.10.08"]
[Round "2"]
[White "Krockenberger, Martin"]
[Black "Khadempour, Farhad"]
[Result "0-1"]
[WhiteElo "2219"]
[BlackElo "2141"]
[Annotator ""]
[Source ""]
[Remark ""]

1.d4 d5 2.c4 c6 3.Nf3 Nf6 4.e3 e6 5.Nbd2 Nbd7 6.Bd3 Bd6 7.O-O
O-O 8.e4 dxe4 9.Nxe4 Nxe4 10.Bxe4 h6 11.b3 e5 12.Bb2 f5 13.Bc2
e4 14.Ne5 Nxe5 15.dxe5 Bc5 16.Qxd8 Rxd8 17.Rfd1 Be6 18.Kf1 Kf7
19.Ke2 Ke7 20.f3 exf3+ 21.Kxf3 Rac8 22.h4 b5 23.cxb5 cxb5 24.Rxd8
Rxd8 25.Rd1 Rxd1 26.Bxd1 g5 27.hxg5 hxg5 28.g3 Bd5+ 29.Ke2 Ke6
30.Kf1 b4 31.Be2 g4 32.Ba6 Kd7 33.Bd3 Be4 34.Bb5+ Ke7 35.Be2
a5 36.Bc1 Bb1 37.Bc4 Bxa2 38.Bg5+ Kf8 39.Bh6+ Ke8 40.Bg5 Bb1
41.Ke2 Be4 42.Be3 Bxe3 43.Kxe3 Ke7 44.Kf4 Bb1 45.Ke3 Ba2 46.Bd3
Bxb3 47.Bxf5 Be6 48.Bd3 a4 49.Kd2 a3 50.Kc2 Kd7 51.Bb5+ Kc7 52.Ba4
Kb6 0-1

[Event "SK Bebenhausen 1 - SK Schmiden/Cannstatt 1"]
[Site "Oberliga Württemberg 2017/2018"]
[Date "2017.10.08"]
[Round "2"]
[White "Roth, Jürgen Eugen"]
[Black "Eisele, Steffen"]
[Result "1-0"]
[WhiteElo "2099"]
[BlackElo "2252"]
[Annotator ""]
[Source ""]
[Remark ""]

1.c4 g6 2.d4 Bg7 3.e4 d6 4.Nf3 Bg4 5.Be2 Nc6 6.Be3 e5 7.d5 Bxf3
8.Bxf3 Nd4 9.Nc3 Ne7 10.O-O O-O 11.Bxd4 exd4 12.Ne2 c5 13.Nf4
g5 14.Nd3 Ng6 15.Bg4 a6 16.g3 b5 17.b3 Re8 18.Bf5 Rb8 19.Qh5
bxc4 20.bxc4 Qa5 21.Qxg5 Qc3 22.Nf4 Qxc4 23.Nh5 Be5 24.h4 d3
25.Nf6+ Kh8 26.h5 Bxa1 27.hxg6 fxg6 28.Nxe8 gxf5 29.Nxd6 1-0

[Event "SK Bebenhausen 1 - SK Schmiden/Cannstatt 1"]
[Site "Oberliga Württemberg 2017/2018"]
[Date "2017.10.08"]
[Round "2"]
[White "Thoma, Christian"]
[Black "Wendler, David"]
[Result "1/2-1/2"]
[WhiteElo "2177"]
[BlackElo "2122"]
[Annotator ""]
[Source ""]
[Remark ""]

1.d4 Nf6 2.c4 c5 3.d5 b5 4.cxb5 a6 5.bxa6 g6 6.Nc3 Bxa6 7.e4
Bxf1 8.Kxf1 d6 9.Nf3 Bg7 10.g3 O-O 11.Kg2 Qb6 12.Qe2 Na6 13.a4
Nc7 14.Nd2 Rfb8 15.Nc4 Qa6 16.Bd2 Nd7 17.Ra3 e6 18.dxe6 Nxe6
19.Nb5 Nd4 20.Nxd4 Bxd4 21.Qd3 Bxb2 22.Nxb2 Rxb2 23.Qxa6 Rxa6
24.Bc3 Rc2 25.Rb1 Kf8 26.Rb7 Ke7 27.a5 Ke6 28.h3 1/2-1/2

[Event "SK Bebenhausen 1 - SK Schmiden/Cannstatt 1"]
[Site "Oberliga Württemberg 2017/2018"]
[Date "2017.10.08"]
[Round "2"]
[White "Kitzberger, Joachim"]
[Black "Witke, Thomas"]
[Result "0-1"]
[WhiteElo "2046"]
[BlackElo "2053"]
[Annotator ""]
[Source ""]
[Remark ""]

1.c4 c6 2.d4 d5 3.cxd5 cxd5 4.Nc3 Nf6 5.Nf3 Nc6 6.e3 a6 7.Bd3
Bg4 8.O-O e6 9.Be2 Bd6 10.h3 Bf5 11.Re1 Nb4 12.Nh4 Bc2 13.Qd2
Ne4 14.Nxe4 Bxe4 15.g3 Nc2 16.Bd3 Bxd3 17.Qxd3 Nxe1 18.Qe2 g5 0-1

[Event "SC Weiße Dame Ulm 1 - SC Weiler im Allgäu 1"]
[Site "Oberliga Württemberg 2017/2018"]
[Date "2017.10.08"]
[Round "2"]
[White "Plat, Vojtech"]
[Black "Jochens, Arne"]
[Result "1-0"]
[WhiteElo "2521"]
[BlackElo "2233"]
[Annotator ""]
[Source ""]
[Remark ""]

1.e4 e6 2.d3 c5 3.g3 d5 4.Qe2 Nc6 5.c3 Nf6 6.Nf3 Be7 7.Bg5 e5
8.Nbd2 h6 9.Bxf6 Bxf6 10.exd5 Qxd5 11.Bg2 Bf5 12.Nh4 Qxd3 13.Nxf5
Qxf5 14.Qb5 O-O 15.Qxb7 Ne7 16.O-O Ng6 17.Nc4 Qe6 18.Ne3 Rab8
19.Qxa7 Rxb2 20.a4 e4 21.Qxc5 Rc8 22.Qd5 Qa6 23.Qxe4 Bxc3 24.Rac1
Rb4 25.Qd5 Rxa4 26.Bh3 Rc6 27.Rfd1 Nf8 28.Bf1 Qb6 29.Bc4 Raxc4
30.Nxc4 Rxc4 31.Qxc4 Bf6 32.Qd5 g6 33.Rc6 Qb2 34.Rc8 Bg7 35.Re1
Qf6 36.Ree8 Qb6 37.Rb8 Qc7 38.Rb7 Qc1+ 39.Kg2 1-0